Anagramas - Palabras de Navidad - Estadísticas

Estadísticas generales
  • Esta prueba ha sido intentada 2.134 veces
    2.132 desde el último reinicio
  • La puntuación promedio es 15 de 21
Estadísticas de respuestas
Anagrama Respuesta % Correcto
ROO Oro
98%
NLÉEB Belén
96%
NROE Reno
94%
NVEEI Nieve
93%
FLOE Elfo
88%
GAOLER Regalo
87%
ORBLÁ Árbol
86%
RESEY Reyes
86%
AETLLGA Galleta
83%
JGBINEER Jengibre
83%
ONTRIE Trineo
80%
RRÓUNT Turrón
80%
OICLLICNVA Villancico
77%
CÓNSRO Roscón
68%
AESERTLL Estrella
64%
NLGÁE Ángel
56%
PAMNACA Campana
56%
OIRETNE Oriente
52%
MCHANEEI Chimenea
45%
Caja del elfo GUIRNALDA
22%
IAVDEOTN Adviento
20%
No se encontraron pruebas coincidentes
Distribución de puntuación
Porcentaje de gente con cada puntuación
Porcentaje por número respondido
Historial de tus puntuaciones
No has intentado esta prueba desde el último reinicio